Statistics for Elder Scrolls Skyrim All video games (including DLCs)

Click here to take the quiz!

General Stats

  • This quiz has been taken 1,205 times
  • The average score is 11 of 18

Answer Stats

ReleaseGameTitle% Correct
2011The Elder Scrolls VSkyrim
99%
2006The Elder Scrolls IVOblivion
96%
2002The Elder Scrolls IIIMorrowind
94%
2012The Elder Scrolls VDragonborn
85%
2014The Elder ScrollsOnline
85%
1994The Elder ScrollsArena
84%
2012The Elder Scrolls VDawnguard
83%
1996The Elder Scrolls IIDaggerfall
81%
2012The Elder Scrolls VHearthfire
77%
2007The Elder Scrolls IVShivering Isles
60%
1998The Elder Scrolls AdventuresRedguard
54%
2006The Elder Scrolls IVKnights of the Nine
48%
2003The Elder Scrolls IIIBloodmoon
45%
2002The Elder Scrolls IIITribunal
37%
1997An Elder Scrolls LegendBattlespire
35%
2004The Elder Scrolls TravelsDawnstar
26%
2004The Elder Scrolls TravelsShadowkey
20%
2003The Elder Scrolls TravelsStormhold
16%

Score Distribution

Percentile by Number Answered

Percent of People with Each Score

Your Score History

You have not taken this quiz